Loading...
| Fine Arts - Classical Music | 0 | 8 | 1 | 0 | 75 | 56 | 98.75 | 3 | 8 |
| Fine Arts - Other Fine Arts | 0 | 7 | 0 | 1 | 70 | 23 | 88.29 | 1 | 4 |
| Science - Biology | 0 | 4 | 1 | 0 | 35 | 45 | 65.50 | 2 | 4 |
| Fine Arts - Painting & Sculpture | 0 | 3 | 0 | 0 | 30 | 82 | 112.00 | 0 | 1 |
| Social Science | 0 | 2 | 0 | 0 | 20 | 81 | 81.00 | 1 | 1 |
| Literature - European Literature | 0 | 2 | 0 | 0 | 20 | 94 | 94.50 | 1 | 2 |
| Mythology | 0 | 2 | 0 | 0 | 20 | 81 | 96.00 | 1 | 1 |
| Literature - British Literature | 0 | 2 | 1 | 0 | 15 | 105 | 122.00 | 0 | 1 |
| History - American History | 0 | 1 | 0 | 0 | 10 | 108 | 108.00 | 0 | 1 |
| Religion | 0 | 1 | 0 | 0 | 10 | 122 | 122.00 | 0 | 0 |
| Literature - World Literature | 0 | 1 | 0 | 0 | 10 | 112 | 112.00 | 0 | 0 |
| Science - Chemistry | 0 | 1 | 0 | 0 | 10 | 114 | 114.00 | 0 | 1 |
| Science - Other Science | 0 | 1 | 0 | 0 | 10 | 88 | 88.00 | 1 | 1 |
| Literature - American Literature | 0 | 1 | 0 | 1 | 10 | 155 | 155.00 | 0 | 0 |